MARC

LEADER 00000nam0a2200000 4500
001 217003
005 20231101230100.0
035 |a (RuTPU)RU\TPU\book\236979 
035 |a RU\TPU\book\236976 
090 |a 217003 
100 |a 20120530d1970 k y0rusy50 ca 
101 0 |a rus 
102 |a RU 
105 |a a z 001zy 
200 1 |a История развития растительности внеледниковой зоны Западно-Сибирской низменности в позднеплиоценовое и четвертичное время  |f Академия наук СССР (АН СССР), Сибирское отделение (СО), Институт геологии и геофизики (ИГиГ) ; отв. ред. В. Н. Сакс 
210 |a Москва  |c Наука  |d 1970 
215 |a 364 с.  |c ил., карты 
225 1 |a Труды института геологии и геофизики  |v Вып. 92 
320 |a Библиография: с. 348-360. 
606 1 |a Четвертичные отложения  |2 stltpush  |3 (RuTPU)RU\TPU\subj\18734  |9 44113 
606 1 |a Растительность  |2 stltpush  |3 (RuTPU)RU\TPU\subj\23961  |9 48424 
610 1 |a внеледниковые зоны 
610 1 |a позднеплейстоценовые отложения 
610 1 |a ископаемые растения 
610 1 |a плиоцен 
610 1 |a четвертичный период 
610 1 |a Западно-Сибирская низменность 
675 |a 551.79  |v 3 
675 |a 561  |v 3 
702 1 |a Сакс  |b В. Н.  |2 stltpush  |4 340 
712 0 2 |a Академия наук СССР (АН СССР)  |b Сибирское отделение (СО)  |b Институт геологии и геофизики (ИГиГ)  |c (Новосибирск)  |2 stltpush  |3 (RuTPU)RU\TPU\col\128 
801 1 |a RU  |b 63413507  |c 20120216 
801 2 |a RU  |b 63413507  |c 20230201  |g RCR 
942 |c BK